000 01519cam a2200289 ia4500
003 SA-RiAUC
005 20241026092526.0
008 241025s1980 le g 000 0 ara c
040 _aSA-JeALM
_bara
_cSA-RiAUC
_erda
050 4 _bA35 1980
082 0 4 _a258.4
_qSA-RiAUC
090 _a258.4
_bا ب ن ت
100 1 _aابن تيمية، عبد السلام بن عبد الله بن الخضر،
_dحوالي 590-652 هجري
_eمؤلف.
245 1 2 _aالمحرر في الفقه على مذهب الإمام أحمد بن حنبل /
_cتأليف تقي الدين أبو العباس أحمد بن عبد الحليم ابن تيمية. ومعه، النكت والفوائد السنية على مشكل المحرر / تأليف شمس الدين بن مفلح الحنبلي المقدسي.
264 1 _aالرياض :
_bمكتبة المعارف.
_c1984
300 _a2 مجلد ؛
_c24 سم
336 _aنص
_btxt
_2rdacontent
_3كتاب
337 _aبدون وسيط
_bn
_2rdamedia
338 _aمجلد
_bnc
_2rdacarrier
600 1 7 _aالإمام ابن حنبل، أحمد محمد بن حنبل،
_d164-241 هجري
_2aucnm
650 7 _aالفقه الحنبلي
_2aucsh
650 7 _aالفقه الإسلامي
_xمذاهب
_2aucsh
700 1 2 _aابن مفلح، محمد بن مفلح بن محمد،
_d708-763 هجري
740 2 2 _aالنكت والفوائد السنية على مشكل المحرر.
942 _2ddc
_cBOOK
_n0
949 _aSA-JeALM
_d241025
_umohamedma123
_n1
999 _c1709
_d1709